000 00594nam a2200229 a 4500
999 _c6480
_d6480
001 6480
003 BD-JhCC
005 20180123184959.0
008 171218s19591960e a|||| || | 000 0 eng d
035 _a(BD-JhCC)
040 _aBD-JhCC
_dBD-JhCC
041 _aeng
082 _a914.09693
_bHER 1960
100 _aHerdman, T.
245 _aLongmans colour geographies Ricefields in India unit 8 /
_cT. Herdman, M. Sc.
250 _a2nd ed.
260 _aLondon :
_bLongmans,
_c1960.
300 _a39 p. :
_bill. ;
_c20 cm.
650 _aRivers
_zEurope
650 _aTravel
942 _2ddc
_cBK